MARC details
| 000 -CABECERA |
| campo de control de longitud fija |
01392nam a2200325 a 4500 |
| 001 - NÚMERO DE CONTROL |
| campo de control |
000002020 |
| 003 - IDENTIFICADOR DEL NÚMERO DE CONTROL |
| campo de control |
DO-SdBNP |
| 005 - FECHA Y HORA DE LA ÚLTIMA TRANSACCIÓN |
| campo de control |
20250409151140.0 |
| 007 - CAMPO FIJO DE DESCRIPCIÓN FÍSICA--INFORMACIÓN GENERAL |
| campo de control de longitud fija |
ta |
| 008 - DATOS DE LONGITUD FIJA--INFORMACIÓN GENERAL |
| campo de control de longitud fija |
090630e19272001dr er 001 hdspa d |
| 040 ## - FUENTE DE LA CATALOGACIÓN |
| Centro catalogador/agencia de origen |
DO-SdBNP |
| Lengua de catalogación |
spa |
| Centro/agencia transcriptor |
BNPHU |
| 082 #4 - NÚMERO DE LA CLASIFICACIÓN DECIMAL DEWEY |
| Número de clasificación |
398.2097293 |
| Número de documento/Ítem |
J61a, 2001 |
| Número de edición |
22 |
| 100 1# - ENTRADA PRINCIPAL--NOMBRE DE PERSONA |
| Nombre de persona |
Jiménez, Ramón Emilio, |
| Fechas asociadas al nombre |
1886-1970. |
| 9 (RLIN) |
6521 |
| 245 10 - MENCIÓN DE TÍTULO |
| Título |
Al amor del bohío : |
| Mención de responsabilidad, etc. |
R. Emilio Jiménez ; introducción, Juan Daniel Balcácer, Edición, Eleanor Grimaldi Silié. |
| 250 ## - MENCIÓN DE EDICIÓN |
| Mención de edición |
2a ed. fascím. |
| 260 ## - PUBLICACIÓN, DISTRIBUCIÓN, ETC. |
| Lugar de publicación, distribución, etc. |
Santo Domingo : |
| Nombre del editor, distribuidor, etc. |
Sociedad Dominicana de Bibliófilos, |
| Fecha de publicación, distribución, etc. |
2001 |
| 300 ## - DESCRIPCIÓN FÍSICA |
| Extensión |
391 p. ; |
| Dimensiones |
22 cm. |
| 490 1# - MENCIÓN DE SERIE |
| Mención de serie |
Cultura Dominicana ; |
| Designación de volumen o secuencia |
4 |
| 500 ## - NOTA GENERAL |
| Nota general |
2a ed. facsím. de acuerdo con la publicada en 1975. |
| 500 ## - NOTA GENERAL |
| Nota general |
La biblioteca posee los vs. 1 y 4 |
| 533 ## - NOTA DE REPRODUCCIÓN |
| Tipo de reproducción |
Facsímil: |
| Lugar de la reproducción |
Santo Domingo : |
| Institución responsable de la reproducción |
Virgilio Montalvo, |
| Fecha de la reproducción |
1927-1929 |
| Descripción física de la reproducción |
2 v. ; 22 cm. |
| Nota sobre la reproducción |
Publicada originalmente en dos tomos 1927-1929. |
| -- |
"En el año 1975 fue publicada en un sólo volumen . "-- Introd. |
| 590 ## - NOTA LOCAL (RLIN) |
| Nota local |
Inventariado, 2018 / VM |
| 650 #0 - PUNTO DE ACCESO ADICIONAL DE MATERIA--TÉRMINO DE MATERIA |
| Término de materia o nombre geográfico como elemento de entrada |
Folclore |
| Subdivisión geográfica |
República Dominicana |
| 9 (RLIN) |
33448 |
| 650 #4 - PUNTO DE ACCESO ADICIONAL DE MATERIA--TÉRMINO DE MATERIA |
| Término de materia o nombre geográfico como elemento de entrada |
Literatura folklórica |
| Subdivisión geográfica |
República Dominicana |
| 9 (RLIN) |
6522 |
| 651 #4 - PUNTO DE ACCESO ADICIONAL DE MATERIA--NOMBRE GEOGRÁFICO |
| Nombre geográfico |
República Dominicana |
| Subdivisión general |
Vida social y costumbres |
| 9 (RLIN) |
405 |
| 700 1# - PUNTO DE ACCESO ADICIONAL--NOMBRE DE PERSONA |
| Nombre de persona |
Grimaldi Silié, Eleanor, |
| Fechas asociadas al nombre |
1948- |
| Término indicativo de función/relación |
ed. |
| 9 (RLIN) |
85713 |
| 700 1# - PUNTO DE ACCESO ADICIONAL--NOMBRE DE PERSONA |
| Nombre de persona |
Balcácer, Juan Daniel, |
| Fechas asociadas al nombre |
1949- |
| 9 (RLIN) |
6566 |
| 910 ## - DATOS DE OPCIÓN DEL USUARIO (OCLC) |
| Datos de opción del usuario |
Validado. Control de calidad MFF |
| 942 ## - ELEMENTOS DE PUNTO DE ACCESO ADICIONAL (KOHA) |
| Fuente del sistema de clasificación o colocación |
Dewey Decimal Classification |
| Tipo de ítem Koha |
Libro |